000 00594nam 22002053 4500
001 199419
010 _a978-989-787-836-7
021 _b536181/24
090 _a199419
100 _a20251205d u||y0pory50 ba
200 _aNão fossem as sílabas do sábado
_fMariana Salomão Carrara
205 _a
210 _aLisboa
_cCompanhia das Letras
_d2024
215 _a171 p.
_cbrochado
_d23 cm
606 _99
_aLiteratura Brasileira
675 _a821.134.3 (81)
_vPT
_zpor
700 _915281
_aCarrara
_bMariana Salomão
_f1986-
801 _aPT
_bBMMN
_gRPC
830 _cFernando
_fFernando
990 _cLIVROS